|
|
|
|
| LEADER |
00000nam0a2200000 4500 |
| 001 |
168965 |
| 005 |
20231101222807.0 |
| 010 |
|
|
|a 9785383004203
|
| 035 |
|
|
|a (RuTPU)RU\TPU\book\183298
|
| 090 |
|
|
|a 168965
|
| 100 |
|
|
|a 20091105d2010 km y0rusy50 ca
|
| 101 |
0 |
|
|a rus
|
| 102 |
|
|
|a RU
|
| 105 |
|
|
|a a g 001zy
|
| 200 |
1 |
|
|a Справочник по энергоснабжению и электрооборудованию промышленных предприятий и общественных зданий
|f под ред. С. И. Гамазина, Б. И. Кудрина, С. А. Цырука
|
| 210 |
|
|
|a Москва
|c Изд-во МЭИ
|d 2010
|
| 215 |
|
|
|a 745 с.
|c ил.
|
| 320 |
|
|
|a Библиогр. в конце ст.
|
| 330 |
|
|
|a Предлагаемый справочник является первым наиболее полным на сегодняшний день изданием, содержащим сведения по современному теплотехническому и электротехническому оборудованию для различных отраслей промышленности. Его основное назначение — оказать помощь энергетикам России, электрикам и неэлектрикам, в решении практических задач по широкому внедрению новой энергосберегающей и надежной -техники в народное хозяйство нашей страны. В справочнике приведены подробные характеристики полного комплекса теплотехнического и электротехнического оборудования (трансформаторов, линий, шинопроводов, насосов, компрессоров, вентиляторов и т.д.). Даны необходимые сведения по осветительным приборам, источникам бесперебойного и автономного питания, диагностическим средствам и др.Справочник создан специально для инженерно-технического персонала предприятий, мастеров, занятых в эксплуатации систем энергоснабжения, и может быть полезен студентам энергетических специальностей.
|
| 606 |
1 |
|
|a Промышленные предприятия
|x Электрооборудование
|2 stltpush
|3 (RuTPU)RU\TPU\subj\52738
|9 71141
|
| 610 |
1 |
|
|a теплотехническое оборудование
|
| 610 |
1 |
|
|a энергетическое топливо
|
| 610 |
1 |
|
|a промышленные котельные установки
|
| 610 |
1 |
|
|a нагнетательные машины
|
| 610 |
1 |
|
|a теплообменные аппараты
|
| 610 |
1 |
|
|a электроснабжение
|
| 610 |
1 |
|
|a автономные источники
|
| 610 |
1 |
|
|a договорные отношения
|
| 610 |
1 |
|
|a организации
|
| 610 |
1 |
|
|a электрическая энергия
|
| 610 |
1 |
|
|a силовые трансформаторы
|
| 610 |
1 |
|
|a бесперебойное питание
|
| 610 |
1 |
|
|a реактивная мощность
|
| 610 |
1 |
|
|a компенсация
|
| 610 |
1 |
|
|a кабели
|
| 610 |
1 |
|
|a полиэтиленовая изоляция
|
| 610 |
1 |
|
|a воздушные линии электропередачи
|
| 610 |
1 |
|
|a провода
|
| 610 |
1 |
|
|a рациональные сечения
|
| 610 |
1 |
|
|a сельскохозяйственные потребители
|
| 610 |
1 |
|
|a счетчики
|
| 610 |
1 |
|
|a измерительные трансформаторы
|
| 610 |
1 |
|
|a электрическое освещение
|
| 610 |
1 |
|
|a электробезопасность
|
| 610 |
1 |
|
|a справочники
|
| 675 |
|
|
|a 658.26:621.31(035)
|v 3
|
| 702 |
|
1 |
|a Гамазин
|b С. И.
|4 340
|
| 702 |
|
1 |
|a Кудрин
|b Б. И.
|4 340
|
| 702 |
|
1 |
|a Цырук
|b С. А.
|4 340
|
| 801 |
|
1 |
|a RU
|b 63413507
|c 20091105
|
| 801 |
|
2 |
|a RU
|b 63413507
|c 20150730
|g RCR
|
| 900 |
|
|
|a Энергоснабжение промышленных предприятий
|
| 942 |
|
|
|c BK
|
| 959 |
|
|
|a 113/20091103
|d 2
|e 1540,00
|f АНЛ:1
|f ЧЗТЛ:1
|
| 959 |
|
|
|a 55/20130319
|d 2
|e 1540,00
|f УФ:2
|